On the history and method of economics (Registro nro. 6093)
[ vista simple ]
| 000 -LEADER | |
|---|---|
| fixed length control field | 01201 a2200193 4500 |
| 001 - CONTROL NUMBER | |
| control field | 57005 |
| 005 - DATE AND TIME OF LATEST TRANSACTION | |
| control field | 20260407155832.0 |
| 008 - FIXED-LENGTH DATA ELEMENTS--GENERAL INFORMATION | |
| fixed length control field | 260407a1956 arg spa d |
| 003 - CONTROL NUMBER IDENTIFIER | |
| control field | AR-UNSa-BCEJYS |
| 040 ## - CATALOGING SOURCE | |
| Original cataloging agency | AR-UNSa-BCEJYS |
| Language of cataloging | spa |
| Transcribing agency | AR-UNSa-BCEJYS |
| 080 ## - UNIVERSAL DECIMAL CLASSIFICATION NUMBER | |
| Universal Decimal Classification number | 94:33 |
| Common auxiliary subdivision | Historia económica |
| 100 1# - MAIN ENTRY--PERSONAL NAME | |
| Personal name | Knight, Frank H. |
| 245 10 - TITLE STATEMENT | |
| Title | On the history and method of economics |
| Name of part/section of a work | selected essays |
| 264 #1 - PRODUCTION, PUBLICATION, DISTRIBUTION, MANUFACTURE, AND COPYRIGHT NOTICE | |
| Place of production, publication, distribution, manufacture | Chicago : |
| Name of producer, publisher, distributor, manufacturer | University of Chicago Press |
| Date of production, publication, distribution, manufacture, or copyright notice | 1956 |
| 300 ## - PHYSICAL DESCRIPTION | |
| Extent | 308 p. |
| Dimensions | 20 cm. |
| 505 ## - FORMATTED CONTENTS NOTE | |
| Formatted contents note | 1. Economics – 2. The ricardian theory of production and distribution – 3. Historical and theoretical issues in the problema of modern capitalism – 4. The common sense of political economy (Wicksteed Reprinted) – 5. Social science – 6. Social causation – 7. “What is thruth” in economics? – 8. Statics and dynamics: some queries regarding the mechanical analogy in economics – 9. The business cycle, interest, and money: a methodological approach – 10. Salvation by science: the góspel according to profesor lundberg – 11. The role principles in economics and politics – 12. Free society: its basic nature and problem |
| 590 ## - LOCAL NOTE (RLIN) | |
| Local note | niveau_biblio:m niveau_hierar:0 |
| 942 ## - ADDED ENTRY ELEMENTS (KOHA) | |
| Koha item type | |
| Withdrawn status | Lost status | Damaged status | Not for loan | Home library | Current library | Shelving location | Date acquired | Total checkouts | Full call number | Barcode | Date last seen | Price effective from | Koha item type |
|---|---|---|---|---|---|---|---|---|---|---|---|---|---|
| Biblioteca Prof. Eusebio Cleto del Rey | Biblioteca Prof. Eusebio Cleto del Rey | 07/04/2026 | 94:33 K69 | L128645 | 07/04/2026 | 07/04/2026 | Libro |